[Event "BL 0809 Turm Emsdetten - SC Remagen"]
[Site "?"]
[Date "2009.01.31"]
[Round "10.2"]
[White "Feygin, Michael"]
[Black "Gharamian, Tigran"]
[Result "0-1"]
[WhiteElo "2569"]
[BlackElo "2555"]
[PlyCount "128"]
[EventDate "2009.??.??"]

1. e4 Nf6 2. e5 Nd5 3. d4 d6 4. c4 Nb6 5. exd6 exd6 6. Nc3 Be7 7. Bd3 Nc6 8.
Nge2 Bg4 9. Be3 Bf6 10. h3 Bh5 11. Qd2 Nb4 12. Nf4 Nxd3+ 13. Qxd3 Bg6 14. Nxg6
hxg6 15. O-O-O c6 16. Bf4 O-O 17. h4 d5 18. c5 Nd7 19. g4 Bxh4 20. Kb1 g5 21.
Bg3 f5 22. Rdg1 Bxg3 23. Rxg3 Qf6 24. Rgh3 fxg4 25. Qh7+ Kf7 26. Rh6 Qxd4 27.
Qg6+ Ke7 28. Qxg5+ Kf7 29. Qf5+ Ke7 30. Qg5+ Kf7 31. Qg6+ Ke7 32. Rh7 Rae8 33.
Rxg7+ Kd8 34. Qh7 Nf6 35. Qh2 Nd7 36. Qh7 Nxc5 37. Rd1 Qe5 38. Qh4+ Kc8 39.
Rxg4 Rh8 40. Qg3 Qxg3 41. fxg3 Rh2 42. Rf4 Re7 43. Rf3 Kc7 44. a3 Nd7 45. Rf5
Rg2 46. Rg5 Nb6 47. Rc1 Kd6 48. Rg6+ Re6 49. Rg7 Re7 50. Rg6+ Kd7 51. Rc2 Re1+
52. Rc1 Re6 53. Rg7+ Re7 54. Rg8 Nc4 55. Na4 b5 56. Nc5+ Kd6 57. Nd3 Re3 58.
Rg6+ Kc7 59. Rd1 Nxb2 60. Rg7+ Kb6 61. Nf4 Nxd1 62. Nxg2 Rxa3 63. g4 Ne3 64.
Nf4 Ra4 0-1

[Event "BL 0809 Turm Emsdetten - SC Remagen"]
[Site "?"]
[Date "2009.01.31"]
[Round "10.3"]
[White "Huebner, Robert Dr"]
[Black "Janssen, Ruud"]
[Result "1/2-1/2"]
[WhiteElo "2600"]
[BlackElo "2524"]
[PlyCount "64"]
[EventDate "2009.??.??"]

1. d4 Nf6 2. Nf3 e6 3. g3 b5 4. Bg2 Bb7 5. O-O c5 6. c3 Be7 7. Bg5 cxd4 8. cxd4
O-O 9. Qd3 Qb6 10. Nbd2 h6 11. Bxf6 Bxf6 12. Rfc1 Nc6 13. e3 d6 14. a4 bxa4 15.
Nc4 Qd8 16. Rxa4 d5 17. Nce5 Bxe5 18. Nxe5 Nxe5 19. dxe5 Qb6 20. Qd4 Qxd4 21.
exd4 Rfc8 22. Rca1 Rc6 23. Rb4 Ba6 24. h4 Rc4 25. Raa4 Rxb4 26. Rxb4 Rc8 27.
Ra4 Rc6 28. Bf1 Bxf1 29. Kxf1 Rc1+ 30. Ke2 Rc2+ 31. Ke3 Rxb2 32. Rxa7 Rb3+
1/2-1/2

[Event "BL 0809 Turm Emsdetten - SC Remagen"]
[Site "?"]
[Date "2009.01.31"]
[Round "10.4"]
[White "Spoelman, Wouter"]
[Black "Dgebuadze, Alexandre"]
[Result "1-0"]
[WhiteElo "2459"]
[BlackElo "2544"]
[PlyCount "69"]
[EventDate "2009.??.??"]

1. e4 e6 2. d4 d5 3. Nc3 Bb4 4. e5 Ne7 5. a3 Bxc3+ 6. bxc3 c5 7. Qg4 O-O 8. Bd3
Nbc6 9. Qh5 Ng6 10. Nf3 Qc7 11. Be3 Nce7 12. h4 Bd7 13. Rb1 Rac8 14. dxc5 Nf5
15. Bxf5 exf5 16. e6 fxe6 17. Ng5 h6 18. Qxg6 hxg5 19. hxg5 f4 20. Qh7+ Kf7 21.
Rh6 Ke8 22. Qg6+ Rf7 23. Rh7 Qe5 24. Rxb7 Qxc3+ 25. Bd2 Qa1+ 26. Ke2 Rc7 27.
Rh8+ Ke7 28. Rxc7 Qe5+ 29. Kf1 Qxc7 30. c6 a5 31. cxd7 Qxd7 32. Kg1 Qa7 33.
Bxf4 e5 34. Qc6 Rxf4 35. Re8+ 1-0

[Event "BL 0809 Turm Emsdetten - SC Remagen"]
[Site "?"]
[Date "2009.01.31"]
[Round "10.5"]
[White "Degraeve, Jean-Marc"]
[Black "Brandenburg, Daan"]
[Result "1-0"]
[WhiteElo "2544"]
[BlackElo "2436"]
[PlyCount "61"]
[EventDate "2009.??.??"]

1. e4 c5 2. Nf3 d6 3. Bc4 e6 4. O-O Nf6 5. Re1 Be7 6. Bb3 O-O 7. c3 b5 8. d4
Bb7 9. Nbd2 Nc6 10. dxc5 dxc5 11. e5 Nd7 12. Bc2 Re8 13. Qe2 a6 14. Nf1 Nf8 15.
Bf4 Qa5 16. N1d2 Rad8 17. h4 Rd5 18. h5 f5 19. exf6 gxf6 20. Nh2 f5 21. Qe3 Qd8
22. Qg3+ Kf7 23. Ndf3 Nd7 24. Ng4 fxg4 25. Qxg4 Nf6 26. Qxe6+ Kg7 27. Ng5 Rf8
28. Nxh7 Qc8 29. Nxf8 Qxf8 30. Rad1 Rxh5 31. Rd7 1-0

[Event "BL 0809 Turm Emsdetten - SC Remagen"]
[Site "?"]
[Date "2009.01.31"]
[Round "10.6"]
[White "De Vreugt, Dennis"]
[Black "Mainka, Romuald"]
[Result "0-1"]
[WhiteElo "2435"]
[BlackElo "2482"]
[PlyCount "68"]
[EventDate "2009.??.??"]

1. e4 c5 2. Nf3 e6 3. d4 cxd4 4. Nxd4 a6 5. Bd3 Bc5 6. Nb3 Ba7 7. Qe2 Nc6 8.
Be3 d6 9. a4 Bxe3 10. Qxe3 Nf6 11. N1d2 O-O 12. O-O e5 13. Bc4 Be6 14. Bxe6
fxe6 15. Rad1 Qc7 16. Qh3 Rae8 17. c3 Kh8 18. Nc1 d5 19. Nd3 Nd8 20. Rfe1 Nf7
21. Qg3 Qa5 22. Ra1 Qb6 23. a5 Qb5 24. b4 Nh5 25. Qf3 Nd6 26. Qe3 Nf4 27. Nxe5
dxe4 28. Qc5 Nd3 29. Qxd6 Nxe5 30. Nxe4 Nd3 31. Re3 Nf4 32. Rd1 Qf5 33. Qd2 Qg6
34. f3 Rd8 0-1

[Event "BL 0809 Turm Emsdetten - SC Remagen"]
[Site "?"]
[Date "2009.01.31"]
[Round "10.7"]
[White "Popovic, Petar"]
[Black "Kabatianski, Alexandr"]
[Result "1-0"]
[WhiteElo "2489"]
[BlackElo "2436"]
[PlyCount "97"]
[EventDate "2009.??.??"]

1. e4 c5 2. Nf3 d6 3. d4 cxd4 4. Nxd4 Nf6 5. Nc3 a6 6. g3 e6 7. Bg2 Bd7 8. O-O
Nc6 9. a4 Be7 10. Nb3 O-O 11. f4 b5 12. axb5 Qb6+ 13. Kh1 axb5 14. Rxa8 Rxa8
15. e5 Ne8 16. f5 Rd8 17. exd6 Nxd6 18. fxe6 fxe6 19. Qe2 Nc4 20. Ne4 N6e5 21.
c3 Rf8 22. Rd1 Bc6 23. Nd4 Bd5 24. b3 Na5 25. Be3 Qb7 26. Bf4 Nec6 27. Nxe6
Bxb3 28. Nxf8 Bxd1 29. Qxd1 Kxf8 30. Qd5 Nc4 31. Ng5 Bxg5 32. Bxg5 N4a5 33.
Qd6+ Ke8 34. Qe6+ Kf8 35. Bf4 Qf7 36. Bd6+ Ne7 37. Qc8+ Qe8 38. Qf5+ Qf7 39.
Qxb5 Qe6 40. Bxe7+ Kxe7 41. Qg5+ Ke8 42. Qb5+ Ke7 43. Qc5+ Qd6 44. Qg5+ Kf8 45.
h3 Nc4 46. Qf5+ Ke7 47. Qg4 Qe6 48. Qxg7+ Ke8 49. Qh8+ 1-0

[Event "BL 0809 Turm Emsdetten - SC Remagen"]
[Site "?"]
[Date "2009.01.31"]
[Round "10.8"]
[White "Richter, Christian"]
[Black "Swinkels, Robin"]
[Result "1/2-1/2"]
[WhiteElo "2403"]
[BlackElo "2451"]
[PlyCount "51"]
[EventDate "2009.??.??"]

1. d4 Nf6 2. c4 e6 3. Nf3 b6 4. g3 Bb7 5. Bg2 Be7 6. O-O O-O 7. Nc3 Ne4 8. Nxe4
Bxe4 9. Ne1 Bxg2 10. Nxg2 d5 11. Qc2 c5 12. dxc5 Bxc5 13. cxd5 Qxd5 14. Rd1 Qb7
15. Be3 Na6 16. Qd2 Rac8 17. Rac1 Qe7 18. Qc2 Nb4 19. Qa4 Nd5 20. Bxc5 Rxc5 21.
Rxc5 Qxc5 22. Nf4 Nxf4 23. Qxf4 Qb5 24. Qd2 h6 25. Rc1 Qa6 26. b3 1/2-1/2

[Event "BL 0809 Werder Bremen - SG Turm Trier"]
[Site "?"]
[Date "2009.01.31"]
[Round "10.2"]
[White "Fressinet, Laurent"]
[Black "Bobras, Piotr"]
[Result "1/2-1/2"]
[WhiteElo "2676"]
[BlackElo "2565"]
[PlyCount "70"]
[EventDate "2009.??.??"]

1. d4 Nf6 2. Nf3 g6 3. c4 Bg7 4. Nc3 d5 5. cxd5 Nxd5 6. e4 Nxc3 7. bxc3 c5 8.
Be3 Qa5 9. Qd2 Nc6 10. Rb1 O-O 11. Rb5 cxd4 12. Rxa5 dxe3 13. Qxe3 Nxa5 14. Nd4
Bd7 15. e5 Rfc8 16. f4 e6 17. h4 Rc7 18. h5 Rac8 19. Rh3 Bf8 20. Qd2 Nc4 21.
Bxc4 Rxc4 22. hxg6 hxg6 23. g4 R8c5 24. Qh2 Bg7 25. Rd3 Rxc3 26. Rxc3 Rxc3 27.
Qh4 Bf8 28. Qd8 Bc6 29. Kd2 Rc5 30. Qb8 Rd5 31. Kc3 Rc5+ 32. Kd3 Rd5 33. Kc3
Rc5+ 34. Kd3 Rd5 35. Kc3 Rc5+ 1/2-1/2

[Event "BL 0809 Werder Bremen - SG Turm Trier"]
[Site "?"]
[Date "2009.01.31"]
[Round "10.4"]
[White "Hracek, Zbynek"]
[Black "Jaracz, Pawel"]
[Result "1/2-1/2"]
[WhiteElo "2613"]
[BlackElo "2513"]
[PlyCount "76"]
[EventDate "2009.??.??"]

1. e4 c6 2. d4 d5 3. e5 Bf5 4. Nf3 e6 5. Be2 Nd7 6. O-O Ne7 7. c3 h6 8. Na3 Bh7
9. Nc2 Rc8 10. Nce1 c5 11. dxc5 Nxc5 12. Be3 Nc6 13. Rc1 Nd7 14. Bd3 Bxd3 15.
Nxd3 Be7 16. Qa4 O-O 17. Qg4 Kh7 18. Rfe1 Qe8 19. Bd2 Nc5 20. Nf4 Bd8 21. Nxd5
Qd7 22. Nf4 Ne7 23. Nd4 Nf5 24. Be3 Bg5 25. Nxf5 exf5 26. Qd1 Qxd1 27. Rcxd1
Bxf4 28. Bxf4 Rfd8 29. Rxd8 Rxd8 30. Kf1 Ne6 31. Be3 f4 32. Bxa7 Ra8 33. Bd4
Rxa2 34. Rb1 Ra4 35. Rd1 Ra2 36. Rb1 Ra4 37. Rd1 Ra2 38. Rb1 Ra4 1/2-1/2

[Event "BL 0809 Werder Bremen - SG Turm Trier"]
[Site "?"]
[Date "2009.01.31"]
[Round "10.6"]
[White "Babula, Vlastimil"]
[Black "Gonda, Laszlo"]
[Result "1-0"]
[WhiteElo "2608"]
[BlackElo "2507"]
[PlyCount "63"]
[EventDate "2009.??.??"]

1. d4 d5 2. c4 dxc4 3. Nf3 Nf6 4. e3 Bg4 5. Bxc4 e6 6. O-O a6 7. h3 Bh5 8. b3
Nc6 9. Bb2 Bd6 10. Nbd2 O-O 11. Be2 Qe7 12. Rc1 Rfd8 13. Ne5 Bxe2 14. Qxe2 Bxe5
15. dxe5 Nd7 16. f4 f6 17. exf6 Nxf6 18. Nf3 Rd7 19. e4 Rad8 20. Kh2 Nh5 21. g3
Qe8 22. Rf2 Qg6 23. Rg1 Nf6 24. Re1 Rd3 25. e5 Ne8 26. Ng5 Nd4 27. Bxd4 R8xd4
28. Qg4 Rd2 29. Ree2 Rd1 30. Qxe6+ Qxe6 31. Nxe6 Rd5 32. Rc2 1-0

[Event "BL 0809 Werder Bremen - SG Turm Trier"]
[Site "?"]
[Date "2009.01.31"]
[Round "10.7"]
[White "Galyas, Miklos"]
[Black "Fish, Gennadij"]
[Result "0-1"]
[WhiteElo "2454"]
[BlackElo "2531"]
[PlyCount "74"]
[EventDate "2009.??.??"]

1. d4 d5 2. c4 e6 3. Nc3 c5 4. cxd5 exd5 5. Nf3 Nc6 6. g3 Nf6 7. Bg2 Be7 8. O-O
Be6 9. dxc5 Bxc5 10. Bg5 d4 11. Bxf6 Qxf6 12. Ne4 Qe7 13. Nxc5 Qxc5 14. Rc1 Qb6
15. Qd3 h6 16. Qa3 Nb4 17. Ne5 O-O 18. Nc4 Bxc4 19. Rxc4 a5 20. Qb3 Rad8 21. a3
Qe6 22. Bxb7 d3 23. Bf3 Rd4 24. Rc3 dxe2 25. Bxe2 Qxe2 26. axb4 Rxb4 27. Qd5
Qxb2 28. Rfc1 a4 29. Rc8 Rb8 30. Rxf8+ Rxf8 31. Rc7 Qb1+ 32. Kg2 Qb8 33. Qd7
Qa8+ 34. Kg1 a3 35. Ra7 Qf3 36. Qd2 Rb8 37. Qc2 Rb2 0-1

[Event "BL 0809 Werder Bremen - SG Turm Trier"]
[Site "?"]
[Date "2009.01.31"]
[Round "10.8"]
[White "Skripchenko, Almira"]
[Black "Cioara, Andrei Nestor"]
[Result "1/2-1/2"]
[WhiteElo "2455"]
[BlackElo "2452"]
[PlyCount "69"]
[EventDate "2009.??.??"]

1. e4 c6 2. Nc3 d5 3. Nf3 Bg4 4. h3 Bxf3 5. Qxf3 e6 6. d3 Bb4 7. Bd2 Ne7 8. g3
d4 9. Nb1 Qb6 10. Bg2 Bxd2+ 11. Nxd2 Qxb2 12. O-O Qb6 13. Qf4 Qd8 14. Qe5 O-O
15. Nb3 b6 16. Qxd4 Qxd4 17. Nxd4 Rd8 18. Nb3 c5 19. Rfd1 Nbc6 20. Bf1 e5 21.
c3 Rd7 22. a4 Rad8 23. Rdb1 Nc8 24. a5 Nd6 25. axb6 axb6 26. Ra6 Rb8 27. Nd2
Rdb7 28. f4 f6 29. Be2 Kf7 30. Bd1 Na5 31. Kf2 Ke7 32. Ke3 Ne8 33. Nc4 Nxc4+
34. dxc4 Nc7 35. Raa1 1/2-1/2

[Event "BL 0809 TV Tegernsee - USV TU Dresden"]
[Site "?"]
[Date "2009.02.01"]
[Round "11.1"]
[White "Maiwald, Jens-Uwe"]
[Black "Khenkin, Igor"]
[Result "0-1"]
[WhiteElo "2508"]
[BlackElo "2647"]
[PlyCount "106"]
[EventDate "2009.??.??"]

1. d4 Nf6 2. c4 e6 3. Nf3 d5 4. cxd5 exd5 5. Nc3 c6 6. Bg5 h6 7. Bh4 Bf5 8. Qb3
g5 9. Bg3 Qb6 10. Nd2 Nbd7 11. e3 Nh5 12. Rc1 Nxg3 13. hxg3 Bd6 14. a3 a5 15.
Na4 Qxb3 16. Nxb3 Bg6 17. Nbc5 Nxc5 18. Nxc5 Bxc5 19. Rxc5 a4 20. Kd2 Ke7 21.
Be2 h5 22. Rcc1 Kd6 23. Rh2 g4 24. f3 gxf3 25. gxf3 b6 26. Rh4 Rhc8 27. f4 c5
28. dxc5+ bxc5 29. Bxh5 Be4 30. Bg4 f5 31. Rh6+ Ke7 32. Bd1 Rab8 33. Kc3 d4+
34. Kc4 Rxb2 35. Bxa4 dxe3 36. Kc3 Rd2 37. Bb5 c4 38. Re1 Rd3+ 39. Kb4 Rb3+ 40.
Ka4 Ra8+ 41. Ra6 Rxa6+ 42. Bxa6 Bd5 43. Rc1 Kd6 44. Bxc4 Bxc4 45. Rxc4 e2 46.
Kxb3 e1=Q 47. Rb4 Qxg3+ 48. Kb2 Qf2+ 49. Kb3 Qe3+ 50. Kb2 Qd2+ 51. Kb3 Qd3+ 52.
Kb2 Kc5 53. Ka2 Qc3 0-1

[Event "BL 0809 TV Tegernsee - USV TU Dresden"]
[Site "?"]
[Date "2009.02.01"]
[Round "11.2"]
[White "Sokolov, Andrei"]
[Black "Gauglitz, Gernot"]
[Result "1-0"]
[WhiteElo "2559"]
[BlackElo "2397"]
[PlyCount "71"]
[EventDate "2009.??.??"]

1. e4 c5 2. Nf3 e6 3. d4 cxd4 4. Nxd4 Nf6 5. Nc3 Nc6 6. Ndb5 d6 7. Bf4 e5 8.
Bg5 a6 9. Na3 b5 10. Nd5 Be7 11. Bxf6 Bxf6 12. c4 Bg5 13. cxb5 Qa5+ 14. Nc3 Nd4
15. Bd3 O-O 16. O-O axb5 17. Naxb5 Qb4 18. Rb1 Be6 19. a3 Qc5 20. b4 Qc6 21.
Nxd4 Qxc3 22. Nxe6 fxe6 23. Bb5 Qc7 24. a4 Rad8 25. Qb3 Rf6 26. Bc4 Qf7 27. b5
Bh4 28. g3 d5 29. Be2 Qg6 30. exd5 exd5 31. b6 Rff8 32. b7 Be7 33. Rbd1 Kh8 34.
Rxd5 Rxd5 35. Qxd5 Bd6 36. Rc1 1-0

[Event "BL 0809 TV Tegernsee - USV TU Dresden"]
[Site "?"]
[Date "2009.02.01"]
[Round "11.4"]
[White "Bischoff, Klaus"]
[Black "Hoffmann, Paul"]
[Result "1-0"]
[WhiteElo "2545"]
[BlackElo "2338"]
[PlyCount "83"]
[EventDate "2009.??.??"]

1. d4 e6 2. c4 Nf6 3. Nf3 b6 4. a3 Bb7 5. Nc3 d5 6. Bg5 Be7 7. Bxf6 Bxf6 8.
cxd5 exd5 9. g3 O-O 10. Bg2 Re8 11. O-O Na6 12. b4 c6 13. Qb3 Nc7 14. a4 Qd7
15. Rab1 Rab8 16. e3 g6 17. Rfd1 Bg7 18. Ne1 h6 19. Nd3 Kh7 20. b5 a5 21. bxc6
Bxc6 22. Nf4 Red8 23. Qc2 b5 24. axb5 Nxb5 25. Nxb5 Bxb5 26. Qa2 Bc4 27. Qxa5
Ra8 28. Qb6 Ra6 29. Qb7 Qxb7 30. Rxb7 g5 31. Nd3 Bxd3 32. Rxd3 Ra1+ 33. Bf1 Rc8
34. Kg2 Rcc1 35. Be2 Rg1+ 36. Kf3 h5 37. Rc3 Bh6 38. Bd3+ Kg7 39. h3 Ra2 40.
Rc6 g4+ 41. hxg4 hxg4+ 42. Kxg4 1-0

[Event "BL 0809 TV Tegernsee - USV TU Dresden"]
[Site "?"]
[Date "2009.02.01"]
[Round "11.5"]
[White "Eichner, Sebastian"]
[Black "Boensch, Uwe"]
[Result "0-1"]
[WhiteElo "2326"]
[BlackElo "2523"]
[PlyCount "114"]
[EventDate "2009.??.??"]

1. Nf3 d5 2. d4 Nf6 3. c4 e6 4. Nc3 Be7 5. Bg5 h6 6. Bh4 O-O 7. e3 Ne4 8. Bxe7
Qxe7 9. Rc1 c6 10. Bd3 Nxc3 11. Rxc3 dxc4 12. Bxc4 b6 13. O-O Nd7 14. Bd3 c5
15. Be4 Rb8 16. Qc2 a5 17. Rd1 Ba6 18. Bc6 Rfd8 19. Rd2 cxd4 20. Nxd4 Nc5 21.
Bf3 Bb7 22. h3 e5 23. Nf5 Qf6 24. Rxd8+ Qxd8 25. Bxb7 Rxb7 26. e4 Kh7 27. Rf3
Rc7 28. Kh2 g6 29. Ng3 Qd4 30. Rf6 Kg7 31. Rf3 Rd7 32. Re3 h5 33. Qe2 Nd3 34.
Nxh5+ gxh5 35. Qxh5 Rd6 36. Qf5 Nf4 37. h4 Rg6 38. g3 Rf6 39. Qg4+ Ng6 40. Kg2
Kf8 41. h5 Ne7 42. Qg5 Ng8 43. Re2 Rd6 44. Kh2 Qd1 45. Qxe5 Nf6 46. Kg2 Rc6 47.
Qb5 Rc1 48. Kf3 Rc2 49. h6 Qh1+ 50. Kf4 Qxh6+ 51. Kf3 Qh1+ 52. Kf4 Qc1+ 53. Kf3
Qd1 54. e5 Qh1+ 55. Kf4 Qh6+ 56. Kf3 Qh5+ 57. Ke3 Nd5+ 0-1

[Event "BL 0809 TV Tegernsee - USV TU Dresden"]
[Site "?"]
[Date "2009.02.01"]
[Round "11.6"]
[White "Teske, Henrik"]
[Black "Wegener, Dirk"]
[Result "1-0"]
[WhiteElo "2513"]
[BlackElo "2353"]
[PlyCount "53"]
[EventDate "2009.??.??"]

1. d4 Nf6 2. Nf3 g6 3. Nc3 Bg7 4. e4 O-O 5. e5 Ne8 6. Bf4 d6 7. h3 Nd7 8. Qd2
c5 9. dxc5 dxe5 10. Nxe5 Qa5 11. Nc4 Qxc5 12. Be3 Qc7 13. Nd5 Qd8 14. Qb4 e6
15. Ne7+ Kh8 16. O-O-O a5 17. Qa3 Ra6 18. Ne5 Rd6 19. Rxd6 Nxd6 20. N5xg6+ hxg6
21. Qxd6 Nf6 22. Qxd8 Rxd8 23. Bb5 Bd7 24. Rd1 Nd5 25. Bxd7 Nxe3 26. fxe3 Bf6
27. Nc8 1-0

[Event "BL 0809 TV Tegernsee - USV TU Dresden"]
[Site "?"]
[Date "2009.02.01"]
[Round "11.7"]
[White "Graf, Felix"]
[Black "Hertneck, Gerald"]
[Result "1/2-1/2"]
[WhiteElo "2287"]
[BlackElo "2519"]
[PlyCount "100"]
[EventDate "2009.??.??"]

1. d4 Nf6 2. c4 c6 3. Nc3 d5 4. Nf3 dxc4 5. e4 b5 6. e5 Nd5 7. a4 e6 8. Ng5 Bb4
9. Qh5 g6 10. Qf3 f5 11. exf6 Qxf6 12. Qxf6 Nxf6 13. Bd2 Bxc3 14. Bxc3 Nd5 15.
Ne4 Nd7 16. axb5 cxb5 17. Nd6+ Ke7 18. Nxb5 Nxc3 19. bxc3 Bb7 20. Na3 Nb6 21.
Nxc4 Nxc4 22. Bxc4 Rhc8 23. Ba6 Bxa6 24. Rxa6 Rxc3 25. Kd2 Rac8 26. Rxa7+ Kf6
27. Ra2 e5 28. dxe5+ Kxe5 29. Re1+ Kf6 30. Re4 R3c6 31. h4 Rd6+ 32. Ke2 Re6 33.
Rxe6+ Kxe6 34. Ra7 h5 35. Ra6+ Kf5 36. Ra5+ Kf6 37. Ra4 Rc3 38. Rf4+ Kg7 39.
Rf3 Rc4 40. g3 Ra4 41. Rd3 Kf6 42. Ke3 Ra2 43. Rb3 Ra4 44. Kf3 Rc4 45. Re3 Ra4
46. Re4 Ra2 47. Rf4+ Kg7 48. g4 Ra3+ 49. Kg2 hxg4 50. Rxg4 Kh6 1/2-1/2

[Event "BL 0809 TV Tegernsee - USV TU Dresden"]
[Site "?"]
[Date "2009.02.01"]
[Round "11.8"]
[White "Gross, David"]
[Black "Salzmann, Peter"]
[Result "1-0"]
[WhiteElo "2485"]
[BlackElo "2209"]
[PlyCount "59"]
[EventDate "2009.??.??"]

1. e4 e5 2. Nf3 Nc6 3. Bb5 d6 4. d4 exd4 5. Nxd4 Bd7 6. O-O Be7 7. Bxc6 bxc6 8.
Qf3 c5 9. Nf5 Bf6 10. Nc3 Ne7 11. Nxe7 Bxe7 12. Bf4 O-O 13. e5 Rb8 14. b3 Be6
15. Rad1 Rb4 16. exd6 cxd6 17. Nd5 Bxd5 18. Rxd5 c4 19. Qc3 Rb7 20. Qxc4 Qa8
21. Bxd6 Rc8 22. Rc5 Rxc5 23. Qxc5 Bxd6 24. Qxd6 Rb6 25. Qd7 Rg6 26. g3 h5 27.
Rd1 Qf3 28. Qd8+ Kh7 29. Qd3 Qf6 30. Qe4 1-0

[Event "BL 0809 Bayern München - SC Kreuzberg"]
[Site "?"]
[Date "2009.02.01"]
[Round "11.1"]
[White "Maksimenko, Andrei"]
[Black "Marcelin, Cyril"]
[Result "1/2-1/2"]
[WhiteElo "2536"]
[BlackElo "2494"]
[PlyCount "39"]
[EventDate "2009.??.??"]

1. Nf3 d5 2. d4 Nf6 3. c4 e6 4. g3 Bb4+ 5. Bd2 Be7 6. Bg2 O-O 7. O-O c6 8. Qc2
Nbd7 9. Bf4 a5 10. Rc1 Nh5 11. Bd2 Nhf6 12. Bf4 Nh5 13. Bd2 Nhf6 14. Bg5 h6 15.
Bxf6 Nxf6 16. Nbd2 a4 17. e3 Qa5 18. Ne5 Nd7 19. Nd3 b6 20. cxd5 1/2-1/2

[Event "BL 0809 Bayern München - SC Kreuzberg"]
[Site "?"]
[Date "2009.02.01"]
[Round "11.2"]
[White "Bezold, Michael"]
[Black "Luther, Thomas"]
[Result "1/2-1/2"]
[WhiteElo "2513"]
[BlackElo "2532"]
[PlyCount "31"]
[EventDate "2009.??.??"]

1. c4 e6 2. Nc3 d5 3. d4 Bb4 4. e3 Nf6 5. Nge2 O-O 6. a3 Be7 7. Nf4 c6 8. Be2
Nbd7 9. O-O dxc4 10. Bxc4 e5 11. Nfe2 exd4 12. exd4 Nb6 13. Bb3 Nbd5 14. Nf4
Bd6 15. Nfxd5 Nxd5 16. Nxd5 1/2-1/2

[Event "BL 0809 Bayern München - SC Kreuzberg"]
[Site "?"]
[Date "2009.02.01"]
[Round "11.3"]
[White "Shengelia, Davit"]
[Black "Belezky, Alexander"]
[Result "1-0"]
[WhiteElo "2547"]
[BlackElo "2466"]
[PlyCount "73"]
[EventDate "2009.??.??"]

1. d4 Nf6 2. Nf3 e6 3. c4 Bb4+ 4. Nbd2 b6 5. e3 Bb7 6. Bd3 O-O 7. O-O Bxd2 8.
Nxd2 c5 9. b3 d6 10. Bb2 Nbd7 11. Qe2 Re8 12. f3 Qc7 13. Rac1 Rac8 14. Qf2 cxd4
15. exd4 Qb8 16. d5 Ne5 17. Bb1 exd5 18. f4 Neg4 19. Qh4 dxc4 20. Bxh7+ Nxh7
21. Qxg4 f6 22. bxc4 d5 23. Rc3 dxc4 24. Nxc4 Rxc4 25. Rxc4 Ba6 26. Rd4 Be2 27.
Qg3 Bxf1 28. Rd7 Ng5 29. Rxg7+ Kf8 30. Qh4 Kxg7 31. Qxg5+ Kh7 32. Bxf6 Qb7 33.
Qh5+ Kg8 34. Qxe8+ Kh7 35. Qh5+ Kg8 36. Qh8+ Kf7 37. Qg7+ 1-0

[Event "BL 0809 Bayern München - SC Kreuzberg"]
[Site "?"]
[Date "2009.02.01"]
[Round "11.4"]
[White "Jorczik, Julian"]
[Black "Figura, Atila Gajo"]
[Result "0-1"]
[WhiteElo "2382"]
[BlackElo "2412"]
[PlyCount "116"]
[EventDate "2009.??.??"]

1. d4 e6 2. c4 Bb4+ 3. Nd2 d5 4. Qa4+ Nc6 5. a3 Bxd2+ 6. Bxd2 Bd7 7. cxd5 exd5
8. Nf3 Nf6 9. Bg5 h6 10. Bxf6 Qxf6 11. e3 O-O 12. Be2 Bg4 13. O-O Bxf3 14. Bxf3
Qd6 15. Rfc1 Ne7 16. b4 a6 17. Qb3 c6 18. a4 b5 19. Ra3 f5 20. Rca1 Rab8 21.
axb5 axb5 22. Ra7 Nc8 23. R7a6 Nb6 24. Qc3 Nc4 25. Ra7 Rbe8 26. g3 Re7 27. Ra8
Ree8 28. Rxe8 Rxe8 29. Ra7 Re7 30. Ra8+ Kh7 31. h4 Nxe3 32. h5 Nc4 33. Bd1 Qd7
34. Bc2 Nd6 35. Ra6 Nc4 36. Ra8 Nd6 37. Ra6 Nc4 38. g4 Qe8 39. Bxf5+ Kg8 40.
Bg6 Qc8 41. Qg3 Ne5 42. Rb6 Qc7 43. Ra6 Qc8 44. Ra5 Nxg4 45. Kf1 Nf6 46. Qa3
Rb7 47. Ra8 Rb8 48. Ra7 Qg4 49. Qg3 Rf8 50. Kg2 Qxd4 51. Re7 Ng4 52. f3 Ne3+
53. Kh3 Nf1 54. Qg2 Nd2 55. Bh7+ Kxh7 56. Qg6+ Kh8 57. f4 Qf6 58. Re8 Rxe8 0-1

[Event "BL 0809 Bayern München - SC Kreuzberg"]
[Site "?"]
[Date "2009.02.01"]
[Round "11.5"]
[White "Schilow, Vladimir"]
[Black "Renner, Christoph"]
[Result "0-1"]
[WhiteElo "2410"]
[BlackElo "2422"]
[PlyCount "66"]
[EventDate "2009.??.??"]

1. e4 e5 2. Nf3 Nc6 3. Bb5 a6 4. Ba4 Nf6 5. O-O Be7 6. Re1 b5 7. Bb3 O-O 8. h3
Bb7 9. d3 h6 10. a3 Re8 11. Nc3 Bc5 12. Nd5 Nd4 13. Nxd4 exd4 14. Nxf6+ Qxf6
15. Qh5 Bf8 16. f4 g6 17. Qg4 h5 18. Qg3 d5 19. e5 Qe6 20. Bd2 c5 21. c3 c4 22.
Bc2 Bc5 23. Kh2 h4 24. Qxh4 Rad8 25. f5 Qxf5 26. cxd4 Be7 27. Qg3 Bc8 28. Bb4
Kg7 29. Bxe7 Rxe7 30. Re3 Rh8 31. Rf3 Qh5 32. Qf4 Qh4 33. Qe3 Qh6 0-1

[Event "BL 0809 Bayern München - SC Kreuzberg"]
[Site "?"]
[Date "2009.02.01"]
[Round "11.6"]
[White "Meissner, Bernd"]
[Black "Richter, Michael"]
[Result "0-1"]
[WhiteElo "2418"]
[BlackElo "2421"]
[PlyCount "126"]
[EventDate "2009.??.??"]

1. d4 d5 2. Nf3 e6 3. c4 c6 4. cxd5 exd5 5. Qc2 g6 6. Bg5 f6 7. Bf4 Bf5 8. Qd2
Bd6 9. Bxd6 Qxd6 10. Nc3 Nd7 11. Nh4 Ne7 12. Nxf5 Nxf5 13. e3 O-O 14. Bd3 Qe6
15. O-O Nd6 16. Rae1 f5 17. f3 Rae8 18. Na4 b5 19. Nc3 Re7 20. b3 Qf6 21. Bb1
Qg5 22. Rf2 Rfe8 23. Rfe2 Qf6 24. Nd1 Re6 25. Qa5 Nc8 26. Qc7 R6e7 27. Rc2 Nc5
28. Qa5 Nd3 29. Ree2 Nf4 30. Red2 Nh5 31. Rc5 Nb6 32. Qc3 Re6 33. Qb2 Nd7 34.
Rc1 g5 35. Rf2 Ng7 36. Bd3 Qd8 37. a4 a6 38. Qc3 Qb6 39. axb5 axb5 40. Ra2 Nf6
41. Qa1 f4 42. Ra6 Qb7 43. Ra7 Qb8 44. e4 dxe4 45. fxe4 Nxe4 46. Rxg7+ Kxg7 47.
d5+ Rf6 48. Bxe4 Rxe4 49. Nf2 Qb6 50. Rxc6 Qd4 51. Rc7+ Rf7 52. Rxf7+ Kxf7 53.
Qb1 Re7 54. Qxh7+ Kf8 55. Qf5+ Rf7 56. Qc8+ Kg7 57. h4 f3 58. hxg5 Qa1+ 59. Kh2
Qe5+ 60. Kh3 fxg2 61. Kxg2 Qxd5+ 62. Kf1 Qh1+ 63. Ke2 Re7+ 0-1

[Event "BL 0809 Bayern München - SC Kreuzberg"]
[Site "?"]
[Date "2009.02.01"]
[Round "11.7"]
[White "Kalinitschew, Sergey"]
[Black "Reich, Thomas"]
[Result "1-0"]
[WhiteElo "2492"]
[BlackElo "2404"]
[PlyCount "149"]
[EventDate "2009.??.??"]

1. d4 Nf6 2. Nf3 g6 3. g3 Bg7 4. Bg2 O-O 5. O-O d6 6. c4 Nc6 7. Nc3 Bf5 8. Re1
Ne4 9. Nd5 Bd7 10. b3 f5 11. Bb2 e6 12. Nc3 d5 13. e3 Be8 14. Nd2 Bf7 15. Ncxe4
fxe4 16. f3 e5 17. fxe4 exd4 18. exd5 dxe3 19. Bxg7 exd2 20. Qxd2 Kxg7 21. Qc3+
Qf6 22. Qxf6+ Kxf6 23. dxc6 bxc6 24. Bxc6 Rad8 25. Re2 Rd6 26. Rf1+ Kg7 27. Bg2
Re8 28. Rxe8 Bxe8 29. Re1 Kf8 30. Kf2 Rd2+ 31. Re2 Rxe2+ 32. Kxe2 c5 33. a3 a5
34. Kd3 Ke7 35. Kc3 Kd6 36. b4 axb4+ 37. axb4 g5 38. Be4 h6 39. Kb3 Bd7 40. Bg6
Be6 41. Be8 Bg8 42. Bb5 Be6 43. Ka4 h5 44. Ba6 h4 45. Kb3 hxg3 46. hxg3 Bf5 47.
Bb7 Be6 48. Bf3 Bd7 49. Be2 Be8 50. Kc3 Bd7 51. Bh5 Be6 52. Be8 Bg8 53. Bg6 Be6
54. Be4 Ke5 55. Bg2 Kd6 56. b5 Kc7 57. Bd5 Bf5 58. Kd2 Bg4 59. Ke3 Bf5 60. Kf3
Kb6 61. Be4 Be6 62. Bd3 Kc7 63. Ke4 Kd6 64. Be2 Bc8 65. g4 Ke6 66. b6 Kd6 67.
b7 Bxb7+ 68. Kf5 Bc8+ 69. Kxg5 Ke5 70. Kg6 Kf4 71. g5 Ke3 72. Bf1 Be6 73. Kf6
Bg8 74. g6 Kf2 75. Bh3 1-0